Τάσεις του ορθόδοξου μοναχισμού : 9ος-20ος αιώνες : πρακτικά του Διεθνούς Συμποσίου που διοργανώθηκε στα πλαίσια του Προγράμματος "Οι δρόμοι του ορθόδοξου μοναχισμού: Πορευθέντες μάθετε" = Trends in orthodox monasticism : 9th-20th centuries : proceedings of the International Symposium organised within the Programme "The routes of orthodox monasticism: Go ye and learn".
Αποθηκεύτηκε σε:
| Συλλογικό Έργο: | , |
|---|---|
| Μορφή: | Πρακτικό Συνεδρίου Βιβλίο |
| Γλώσσα: | Greek English |
| Δημοσίευση: |
Αθήνα :
Υπουργείο Πολιτισμού, Διεύθυνση Μορφωτικών Υποθέσεων,
1996.
|
| Σειρά: | Το Βυζάντιο σήμερα ;
1. |
| Θέματα: | |
| Ετικέτες: |
Προσθήκη ετικέτας
Δεν υπάρχουν, Καταχωρήστε ετικέτα πρώτοι!
|
MARC
| LEADER | 00000cam a2200000 i 4500 | ||
|---|---|---|---|
| 001 | 1/9299 | ||
| 008 | 970207s1996####gr | | ||| |||| ||gre|| | ||
| 020 | |a 9607094476 | ||
| 035 | |l 10017421 | ||
| 040 | |a GR-MY-UA |b gre |e aacr | ||
| 041 | 0 | |a gre |a eng | |
| 082 | 0 | |a 255.009495 | |
| 111 | 2 | |a Διεθνές Συμπόσιο στα πλαίσια του προγράμματος "Οι δρόμοι του ορθόδοξου μοναχισμού: Πορευθέντες μάθετε" |d (1994 |c : Θεσσαλονίκη) | |
| 245 | 1 | 0 | |a Τάσεις του ορθόδοξου μοναχισμού : |b 9ος-20ος αιώνες : πρακτικά του Διεθνούς Συμποσίου που διοργανώθηκε στα πλαίσια του Προγράμματος "Οι δρόμοι του ορθόδοξου μοναχισμού: Πορευθέντες μάθετε" = Trends in orthodox monasticism : 9th-20th centuries : proceedings of the International Symposium organised within the Programme "The routes of orthodox monasticism: Go ye and learn". |
| 246 | 1 | |i Παράλληλος τίτλος: |a Trends in orthodox monasticism 9th-20th centuries : |b proceedings of the International Symposium organised within the Programme "The Routes of Orthodox monasticism: Go ye and learn": Thessaloniki, September 28th-October 2nd 1994 | |
| 260 | |a Αθήνα : |b Υπουργείο Πολιτισμού, Διεύθυνση Μορφωτικών Υποθέσεων, |c 1996. | ||
| 300 | |a 333 σ. : |b εικ. | ||
| 490 | 1 | |a Το Βυζάντιο σήμερα |v ; 1 | |
| 500 | |a Θεσσαλονίκη, 28 Σεπτεμβρίου-2 Οκτωβρίου 1994. | ||
| 650 | 0 | 0 | |a Monastic and religious life |x Congresses. |
| 650 | 0 | 0 | |a Monasticism and religious orders |x Congresses. |
| 710 | 2 | |a Εθνικό Ίδρυμα Ερευνών |b Ινστιτούτο Βυζαντινών Ερευνών. | |
| 830 | 0 | |a Το Βυζάντιο σήμερα ; |v 1. | |
| 852 | |a INST |b LESVOS |e 19970207 |h 255.009495 ΤΑΣ |p 005100012087 |q 005100012087 |t BK |y 0 | ||
| 909 | |a Λ |b 048966 | ||
| 922 | |a 1ΔΩΡ |b 199611 | ||